[Event "SR 3. liga A2 2008/2009"]
[Site "?"]
[Date "2009.02.22"]
[Round "8.8"]
[White "Gajarsky, Julius"]
[Black "Hrubsa, Marian"]
[Result "0-1"]
[WhiteElo "1807"]
[BlackElo "1909"]
[PlyCount "116"]
[EventDate "2008.??.??"]

1. d4 d5 2. c4 c6 3. Nf3 Nf6 4. Nc3 e6 5. e3 Nbd7 6. Bd3 dxc4 7. Bxc4 b5 8. Bd3
b4 9. Ne4 Nxe4 10. Bxe4 Bb7 11. O-O Qb6 12. b3 Rc8 13. Bb2 Nf6 14. Bd3 Be7 15.
Qe2 Nd5 16. Rfc1 O-O 17. Ne5 Rcd8 18. Qc2 f5 19. Nxc6 Rc8 20. Nxe7+ Nxe7 21.
Qe2 Qd6 22. Bc4 Rf6 23. f3 Rh6 24. g3 Rf8 25. Rf1 Rg6 26. Rf2 h5 27. Rg2 Qc6
28. Kf2 Nd5 29. Rc1 Nf6 30. Rcg1 a5 31. h3 Nd5 32. Ba1 Nf6 33. Bb2 Nd5 34. Bb5
Qd6 35. Qd3 Nf6 36. Qe2 Nd5 37. Bc4 Qc6 38. Bb5 Qd6 39. Bc4 Qc6 40. Rc1 Qd6 41.
Bd3 Nf6 42. Rcg1 Ne4+ 43. Ke1 Ng5 44. Rf1 Qc6 45. Bc4 Nxf3+ 46. Rxf3 Qxf3 47.
Qxf3 Bxf3 48. Rg1 Rc8 49. Kd2 Kf7 50. h4 Ke7 51. Bd3 Rh6 52. Rc1 Rxc1 53. Bxc1
Rg6 54. e4 fxe4 55. Be2 Rxg3 56. Ke3 Rh3 57. Bxf3 Rxf3+ 58. Kxe4 Rf2 {
Biely ïalej na èas.} 0-1

[Event "SR 3. liga A2 2008/2009"]
[Site "?"]
[Date "2009.03.08"]
[Round "9.1"]
[White "Kovacocy, Pavel"]
[Black "Ambros, Rafael"]
[Result "1-0"]
[WhiteElo "2232"]
[BlackElo "2082"]
[PlyCount "55"]
[EventDate "2008.??.??"]

1. e4 c5 2. Nc3 d6 3. g3 Nc6 4. Bg2 g6 5. d3 Bg7 6. f4 e6 7. Nf3 Nge7 8. O-O
O-O 9. Be3 b6 10. d4 Ba6 11. Re1 Na5 12. Ne2 Bb7 13. Nd2 f5 14. c3 fxe4 15.
Nxe4 Nd5 16. Bf2 Nc4 17. Qd3 Na5 18. dxc5 bxc5 19. Rad1 c4 20. Qc2 Qd7 21. Ng5
Nc7 22. Bxb7 Nxb7 23. Qe4 Na5 24. Bc5 Nb5 25. a4 Nb7 26. Bf2 d5 27. axb5 Nd8
28. Qxc4 1-0

[Event "SR 3. liga A2 2008/2009"]
[Site "?"]
[Date "2009.03.08"]
[Round "9.2"]
[White "Pribila, Michal"]
[Black "Cechovic, Stefan"]
[Result "1/2-1/2"]
[WhiteElo "2099"]
[BlackElo "2186"]
[PlyCount "110"]
[EventDate "2008.??.??"]

1. e4 e5 2. Nf3 Nc6 3. d4 exd4 4. Nxd4 Nf6 5. Nxc6 bxc6 6. e5 Nd5 7. c4 Bb4+ 8.
Nd2 Nf4 9. a3 Be7 10. Ne4 Ng6 11. Qd4 O-O 12. Be3 f5 13. exf6 Bxf6 14. Nxf6+
Qxf6 15. Qxf6 Rxf6 16. O-O-O d6 17. Be2 c5 18. Bf3 Rb8 19. Bd5+ Kh8 20. Rhe1 h6
21. Bd2 Bb7 22. Bxb7 Rxb7 23. f3 Rf8 24. Bc3 Rf4 25. Re4 Kg8 26. Rde1 Kf7 27.
Kc2 Rxe4 28. Rxe4 Rb8 29. g3 c6 30. f4 Nf8 31. b4 cxb4 32. axb4 Ne6 33. f5 Nc7
34. Rg4 Rg8 35. Rg6 Ne8 36. c5 dxc5 37. bxc5 Nc7 38. Rxc6 Nd5 39. Ra6 Ne3+ 40.
Kd3 Nxf5 41. Rxa7+ Ke6 42. Ke4 Ne7 43. Ra6+ Kf7 44. g4 Rc8 45. Bd4 Nc6 46. Rb6
g6 47. Kd5 Ne7+ 48. Kc4 h5 49. Rf6+ Ke8 50. gxh5 gxh5 51. Rh6 Kd7 52. Rxh5 Ra8
53. Bc3 Rb8 54. Be5 Rb1 55. Bd6 Rc1+ 1/2-1/2

[Event "SR 3. liga A2 2008/2009"]
[Site "?"]
[Date "2009.03.08"]
[Round "9.3"]
[White "Liptak, Tomas"]
[Black "Pribila, Gerhard"]
[Result "1-0"]
[WhiteElo "2021"]
[BlackElo "2013"]
[PlyCount "91"]
[EventDate "2008.??.??"]

1. e4 c5 2. Nf3 d6 3. d4 cxd4 4. Nxd4 Nf6 5. Nc3 g6 6. Be2 Bg7 7. Be3 O-O 8. f3
Nc6 9. Qd2 d5 10. exd5 Nxd5 11. Nxd5 Qxd5 12. c4 Qe5 13. O-O-O Rd8 14. Nxc6
Rxd2 15. Nxe5 Rxd1+ 16. Rxd1 Bxe5 17. Rd8+ Kg7 18. f4 Bf6 19. Re8 h6 20. Bf3 a5
21. Bg4 e6 22. Kc2 a4 23. Bd2 h5 24. Bh3 b6 25. Be3 Rb8 26. g3 b5 27. c5 b4 28.
b3 axb3+ 29. Kxb3 Bc3 30. c6 f5 31. Bg2 Kf7 32. Rd8 Ra8 33. Bc1 e5 34. Bd5+ Ke7
35. c7 Ra5 36. Rxc8 Rxd5 37. Re8+ Kxe8 38. c8=Q+ Ke7 39. Qc7+ Rd7 40. Qc5+ Ke6
41. Qf8 Kd5 42. Qa8+ Kd6 43. Qa6+ Kd5 44. Qxg6 Ke4 45. Qc6+ Rd5 46. Kc4 1-0

[Event "SR 3. liga A2 2008/2009"]
[Site "?"]
[Date "2009.03.08"]
[Round "9.4"]
[White "Kocak, Branislav"]
[Black "Sarmír, Milos"]
[Result "0-1"]
[WhiteElo "1896"]
[BlackElo "2086"]
[PlyCount "128"]
[EventDate "2008.??.??"]

1. d4 Nf6 2. c4 e5 3. dxe5 Ng4 4. Nf3 Nc6 5. Nc3 Ngxe5 6. e3 d6 7. Be2 Be6 8.
b3 g6 9. Bb2 Bg7 10. O-O O-O 11. Nd4 Bd7 12. Re1 f5 13. Nd5 Nxd4 14. exd4 Nf7
15. f4 c6 16. Nc3 Re8 17. Qd2 Qc7 18. Bf3 Rad8 19. g3 a6 20. Kg2 b5 21. d5 c5
22. Rxe8+ Rxe8 23. Ne2 Qd8 24. Bxg7 Kxg7 25. h4 Qf6 26. Rh1 h5 27. Kf2 b4 28.
Rb1 a5 29. Qb2 Qxb2 30. Rxb2 a4 31. Nc1 axb3 32. axb3 Ra8 33. Ra2 Rxa2+ 34.
Nxa2 Nd8 35. Nc1 Kf6 36. Ke3 Be8 37. Be2 Ke7 38. Kd2 Nf7 39. Ke3 Nh6 40. Kd2
Ng8 41. Ke3 Nf6 42. Bf3 Kd8 43. Kd3 Bd7 44. Ke3 Kc7 45. Kd3 Kb6 46. Ke3 Ka5 47.
Kd3 Bc8 48. Ke3 Bb7 49. Kd3 Ba6 50. Ne2 Nd7 51. Nc1 Nb6 52. Ne2 Bxc4+ 53. bxc4
Ka4 54. Nc1 Ka3 55. Bd1 Kb2 56. Nb3 Nd7 57. Na5 Nf6 58. Ba4 Ka3 59. Bd1 Ne4 60.
Bf3 b3 61. Bd1 Nf2+ 62. Kd2 Nxd1 63. Kxd1 b2 64. Kc2 Ka2 0-1

[Event "SR 3. liga A2 2008/2009"]
[Site "?"]
[Date "2009.03.08"]
[Round "9.5"]
[White "Liptak, Dusan"]
[Black "Brunovsky, Peter"]
[Result "1-0"]
[WhiteElo "1927"]
[BlackElo "1753"]
[PlyCount "91"]
[EventDate "2008.??.??"]

1. Nf3 Nf6 2. c4 g6 3. g3 Bg7 4. Bg2 O-O 5. O-O d6 6. Nc3 e5 7. d3 c5 8. a3 Nc6
9. Rb1 a5 10. Ne1 Bd7 11. Bd2 Rb8 12. Nb5 Qe7 13. b4 axb4 14. axb4 b6 15. Nc2
Rfc8 16. Nc3 Qd8 17. b5 Nd4 18. Ne3 Be6 19. Ra1 Rc7 20. Ned5 Nxd5 21. Nxd5 Bxd5
22. Bxd5 h6 23. Ra6 Kh7 24. e3 Ne6 25. f4 Re7 26. Ra2 Nc7 27. Bc6 exf4 28. gxf4
f5 29. Qf3 Bf6 30. Kh1 Rg7 31. Rg1 Ne6 32. Qh3 Qe7 33. e4 Nd4 34. Bd5 g5 35.
fxg5 Bxg5 36. Bxg5 Rxg5 37. Rxg5 Qxg5 38. Rg2 Qf6 39. exf5 Re8 40. Be4 Ne2 41.
Rxe2 Qa1+ 42. Kg2 Rg8+ 43. Kf3 Qh1+ 44. Kf4 Qc1+ 45. Re3 Kh8 46. Qxh6# 1-0

[Event "SR 3. liga A2 2008/2009"]
[Site "?"]
[Date "2009.03.08"]
[Round "9.6"]
[White "Zajicek, Ferdinand"]
[Black "Vlkovic, Pavol"]
[Result "1/2-1/2"]
[WhiteElo "1946"]
[BlackElo "1934"]
[PlyCount "87"]
[EventDate "2008.??.??"]

1. e4 e5 2. Nf3 Nc6 3. d4 exd4 4. Nxd4 Bc5 5. Be3 Bxd4 6. Bxd4 Nxd4 7. Qxd4 Qf6
8. e5 Qb6 9. Qxb6 axb6 10. b4 Ne7 11. f4 Nd5 12. Bc4 Nxb4 13. Bb3 O-O 14. O-O
d6 15. exd6 cxd6 16. Nc3 Be6 17. Rfd1 Rfd8 18. Nb5 Bxb3 19. cxb3 Rxa2 20. Rxa2
Nxa2 21. Rxd6 Rxd6 22. Nxd6 Nc1 23. b4 Nd3 24. b5 Nxf4 25. Nxb7 Kf8 26. Nd6 Nd5
27. Kf2 Ke7 28. Nc4 f6 29. Kf3 f5 30. g4 g6 31. g5 Kd7 32. h4 Kc7 33. h5 gxh5
34. Kg3 f4+ 35. Kh4 Ne3 36. Nd2 Kd6 37. Kxh5 Ke5 38. Kh6 Kf5 39. Nf3 Kg4 40.
Ne5+ Kf5 41. Nf3 Ke4 42. Nh2 Kf5 43. Nf3 Ke4 44. Nh2 1/2-1/2

[Event "SR 3. liga A2 2008/2009"]
[Site "?"]
[Date "2009.03.08"]
[Round "9.7"]
[White "Hornak, Pavol"]
[Black "Kastler, Peter"]
[Result "1/2-1/2"]
[WhiteElo "1743"]
[BlackElo "1690"]
[PlyCount "88"]
[EventDate "2008.??.??"]

1. d4 d5 2. c4 e6 3. Nf3 Nf6 4. g3 c6 5. cxd5 exd5 6. Bg2 Bd6 7. O-O O-O 8. Nc3
Bg4 9. b3 Nbd7 10. Bb2 Re8 11. Qc2 Bb4 12. a3 Bxc3 13. Bxc3 Rc8 14. b4 a6 15.
Rfe1 Ne4 16. Bb2 Bf5 17. Nh4 Bg6 18. Nxg6 hxg6 19. f3 Nd6 20. e4 Nf8 21. Rac1
Ne6 22. exd5 cxd5 23. Qd3 Qb6 24. Kh1 Nb5 25. f4 Nbxd4 26. Bxd5 Rcd8 27. Bxd4
Rxd5 28. Bxb6 Rxd3 29. Ra1 Rd6 30. Bf2 Red8 31. Be3 Rd3 32. a4 Rb3 33. Rab1
Rdd3 34. Rxb3 Rxb3 35. Bc5 Nxc5 36. bxc5 Rb4 37. Re7 Kf8 38. Rc7 Ke8 39. Kg2
Rxa4 40. Rxb7 Rc4 41. Ra7 Rxc5 42. Rxa6 Rd5 43. Ra7 Rd7 44. Ra8+ Rd8 1/2-1/2

[Event "SR 3. liga A2 2008/2009"]
[Site "?"]
[Date "2009.03.08"]
[Round "9.8"]
[White "Papanek, Lubomir"]
[Black "Markuliak, Mario"]
[Result "0-1"]
[WhiteElo "1677"]
[BlackElo "1702"]
[PlyCount "66"]
[EventDate "2008.??.??"]

1. e4 e5 2. Nf3 Nc6 3. d4 exd4 4. Nxd4 Bd6 5. Bc4 Nge7 6. Bg5 O-O 7. Nxc6 dxc6
8. O-O Kh8 9. Nc3 f6 10. Be3 Ng6 11. f4 Qe7 12. f5 Ne5 13. Bb3 b6 14. Bf4 Ba6
15. Re1 Rad8 16. Qh5 Bc4 17. Bxe5 Bxe5 18. Bxc4 Bxc3 19. bxc3 Qc5+ 20. Kh1 Qxc4
21. Qf3 Rfe8 22. Rad1 Rxd1 23. Rxd1 Qxa2 24. Qd3 h6 25. Qd7 Rxe4 26. Qd8+ Kh7
27. Qd3 Qd5 28. Qf3 Qe5 29. h3 Re1+ 30. Rxe1 Qxe1+ 31. Kh2 Qe5+ 32. Kg1 a5 33.
Qxc6 Qc5+ 0-1

[Event "SR 3. liga A2 2008/2009"]
[Site "?"]
[Date "2009.03.08"]
[Round "9.1"]
[White "Mihalik, Marek"]
[Black "Horak, Ivan"]
[Result "1-0"]
[WhiteElo "2098"]
[BlackElo "2138"]
[PlyCount "95"]
[EventDate "2008.??.??"]

1. d4 d5 2. c4 c6 3. Nf3 Nf6 4. Nc3 e6 5. cxd5 exd5 6. Bg5 Be7 7. e3 Bf5 8. Bd3
Bg6 9. O-O Nbd7 10. Rc1 O-O 11. a3 Re8 12. Na4 b5 13. Bxf6 gxf6 14. Nc3 Bd6 15.
Nh4 Nb6 16. Nf5 Nc4 17. Rc2 Qd7 18. Nxd6 Nxd6 19. Ne2 a5 20. Nf4 a4 21. Qf3
Bxd3 22. Nxd3 Ne4 23. Rfc1 Rac8 24. h3 Kh8 25. Nc5 Qd6 26. Nxe4 dxe4 27. Qf5
Qe6 28. Rc5 Qd6 29. Rxb5 cxb5 30. Rxc8 Rxc8 31. Qxc8+ Kg7 32. Qg4+ Kf8 33. Qxe4
Qc7 34. Qb1 Qc4 35. Qe1 Kg7 36. f3 h6 37. Kf2 h5 38. Qc3 Qd5 39. e4 Qg5 40. d5
h4 41. Qb4 Qg3+ 42. Kf1 Qf4 43. d6 Qc1+ 44. Ke2 Qc2+ 45. Qd2 Qc4+ 46. Qd3 Qc1
47. d7 Qxb2+ 48. Qd2 1-0

[Event "SR 3. liga A2 2008/2009"]
[Site "?"]
[Date "2009.03.08"]
[Round "9.2"]
[White "Kovarik, Oto"]
[Black "Manak, Jozef"]
[Result "1-0"]
[WhiteElo "2052"]
[BlackElo "2009"]
[PlyCount "51"]
[EventDate "2008.??.??"]

1. e4 c5 2. Nf3 a6 3. d4 cxd4 4. Nxd4 Nf6 5. Bd3 e5 6. Nf3 d5 7. Qe2 dxe4 8.
Bxe4 Nxe4 9. Qxe4 Nc6 10. O-O f6 11. Nc3 Be6 12. Rd1 Qc7 13. Nd5 Qf7 14. c4 g6
15. Be3 Bf5 16. Qh4 Bg7 17. Bc5 g5 18. Qg3 Bf8 19. Bb6 Rb8 20. Nxg5 fxg5 21.
Qxg5 Be7 22. Nxe7 Nxe7 23. Rd6 Bg6 24. Qxe5 Rf8 25. Rad1 Qf5 26. Qg7 1-0

[Event "SR 3. liga A2 2008/2009"]
[Site "?"]
[Date "2009.03.08"]
[Round "9.3"]
[White "Gono, Michal"]
[Black "Sefcik, Marek"]
[Result "1/2-1/2"]
[WhiteElo "1854"]
[BlackElo "1997"]
[PlyCount "106"]
[EventDate "2008.??.??"]

1. Nf3 e6 2. c4 b6 3. g3 Bb7 4. Bg2 f5 5. O-O Nf6 6. b3 Be7 7. Bb2 O-O 8. d3
Qe8 9. Nbd2 Qh5 10. e3 Qh6 11. Bxf6 Qxf6 12. d4 g5 13. Ne5 Bxg2 14. Kxg2 c6 15.
f4 g4 16. Qe2 d6 17. Nd3 Nd7 18. Rad1 Rae8 19. Rh1 Kg7 20. h3 h5 21. hxg4 hxg4
22. Rh5 Rh8 23. Rdh1 Rxh5 24. Rxh5 Kg6 25. Rh2 Rh8 26. Kg1 Rxh2 27. Qxh2 Qg7
28. Qg2 d5 29. cxd5 cxd5 30. Nb1 Bd6 31. Qc2 Nf6 32. Qc8 Qd7 33. Ne5+ Bxe5 34.
Qxd7 Nxd7 35. fxe5 Kf7 36. Nc3 a6 37. Kf2 Ke7 38. Ke2 Kd8 39. Kd2 Kc7 40. Ne2
Nf8 41. Nf4 Kd7 42. a3 Nh7 43. Kd3 Ng5 44. Ne2 Ne4 45. Kc2 Kc6 46. Kd3 Nf2+ 47.
Kc2 a5 48. a4 Ne4 49. Kd3 b5 50. Kc2 bxa4 51. bxa4 Ng5 52. Nf4 Kd7 53. Ne2 Ne4
$11 1/2-1/2

[Event "SR 3. liga A2 2008/2009"]
[Site "?"]
[Date "2009.03.08"]
[Round "9.4"]
[White "Bilovsky, Milan"]
[Black "Gono, Pavol"]
[Result "1/2-1/2"]
[WhiteElo "1911"]
[BlackElo "1988"]
[PlyCount "115"]
[EventDate "2008.??.??"]

1. c4 c6 2. d4 d5 3. cxd5 cxd5 4. Nc3 Nf6 5. Bg5 e6 6. e3 Be7 7. Bd3 Nc6 8. Rc1
Qb6 9. Qd2 Bd7 10. Nf3 Bd6 11. O-O O-O 12. Bxf6 gxf6 13. a3 f5 14. Nh4 Ne7 15.
f4 Kh8 16. Kh1 Rg8 17. Rg1 Rg4 18. Nf3 f6 19. Qf2 Rag8 20. g3 Qd8 21. Be2 R4g7
22. Nh4 Ng6 23. g4 fxg4 24. Bxg4 f5 25. Nxg6+ Rxg6 26. Bh5 Rxg1+ 27. Rxg1 Rxg1+
28. Kxg1 Be7 29. Qg2 Qf8 30. Be2 Qh6 31. b4 Qf8 32. Bd3 a5 33. bxa5 Bxa3 34.
Nb5 Bc1 35. Qe2 Qb4 36. Kf2 Qxa5 37. Nd6 Qb4 38. Nb5 Kg7 39. Kf3 Qd2 40. Nd6
Qxe2+ 41. Kxe2 b6 42. Nb5 Kf6 43. Nc3 Be8 44. Nb5 Bh5+ 45. Kf2 Ke7 46. Bf1 Kd7
47. Bd3 Bd1 48. Bf1 Bb2 49. Bd3 Ba4 50. Ke2 Kc6 51. Na7+ Kd6 52. Nb5+ Bxb5 53.
Bxb5 Ke7 54. h4 Kd6 55. h5 h6 56. Kd3 Ba3 57. Kc2 Bb4 58. Be8 1/2-1/2

[Event "SR 3. liga A2 2008/2009"]
[Site "?"]
[Date "2009.03.08"]
[Round "9.5"]
[White "Mihalik, Anton"]
[Black "Jozefovic, Milan"]
[Result "1-0"]
[WhiteElo "1959"]
[BlackElo "1894"]
[PlyCount "101"]
[EventDate "2008.??.??"]

1. e4 e6 2. d4 d5 3. Nd2 Nc6 4. c3 dxe4 5. Nxe4 Nf6 6. Bd3 Be7 7. Nf3 Bd7 8.
O-O Nxe4 9. Bxe4 Bf6 10. Bf4 Rb8 11. Re1 O-O 12. Bc2 Ne7 13. Qd3 g6 14. Ne5 Nd5
15. Bh6 Bg7 16. Bxg7 Kxg7 17. Qg3 Ne7 18. Re2 Nc6 19. Nf3 Bc8 20. Rae1 Qd6 21.
Qh4 b6 22. Ng5 h6 23. Ne4 Qe7 24. Qf4 e5 25. dxe5 Qxe5 26. Qf3 Qf5 27. Qg3 Qe5
28. f4 Qf5 29. h3 Ba6 30. Re3 Na5 31. b3 Bb7 32. Qf2 Bxe4 33. Bxe4 Qf6 34. Qg3
c5 35. f5 g5 36. h4 Rfe8 37. hxg5 hxg5 38. Qg4 Rg8 39. Bd5 Rbd8 40. c4 Kf8 41.
Qe4 Kg7 42. Qe5 Rd7 43. g4 Rgd8 44. Kg2 Qxe5 45. Rxe5 Kf6 46. R5e3 b5 47. Rh1
Kg7 48. Reh3 bxc4 49. bxc4 Rf8 50. Rh6 Rb8 51. f6+ 1-0

[Event "SR 3. liga A2 2008/2009"]
[Site "?"]
[Date "2009.03.08"]
[Round "9.6"]
[White "Husek, Lubomir"]
[Black "Curidlo, Jan"]
[Result "0-1"]
[WhiteElo "1738"]
[BlackElo "1979"]
[PlyCount "151"]
[EventDate "2008.??.??"]

1. e4 c5 2. Nf3 d6 3. d4 cxd4 4. Nxd4 Nf6 5. Nc3 a6 6. Be2 e6 7. Be3 Be7 8. O-O
O-O 9. f4 Qc7 10. Qe1 Nbd7 11. Qg3 Re8 12. Rae1 b5 13. a3 Bb7 14. Bf3 Kh8 15.
Bf2 Rac8 16. Re3 g6 17. Rfe1 e5 18. fxe5 dxe5 19. Nb3 Nb6 20. Be2 Nc4 21. Bxc4
Qxc4 22. Na5 Qc7 23. Nxb7 Qxb7 24. Qxe5 Kg8 25. Qg3 Nh5 26. Qf3 Bg5 27. Rd3 Nf4
28. Rd6 Ne6 29. Red1 Red8 30. h4 Be7 31. R6d5 Qc7 32. Bg3 Qb6+ 33. Kh2 Qc6 34.
R1d3 Nc5 35. Rxd8+ Rxd8 36. Rxd8+ Bxd8 37. Qf4 Ne6 38. Qb8 Kg7 39. Qa7 Bf6 40.
e5 Bd8 41. Qf2 Bb6 42. Qf6+ Kg8 43. Bf2 Bd8 44. Qf3 Qxf3 45. gxf3 f6 46. exf6
Bxf6 47. Nd1 h5 48. c3 Nf4 49. Bg3 Nd3 50. Kg2 Kf7 51. f4 Ke6 52. Kf3 Bd8 53.
Ke4 Nc5+ 54. Kf3 Nd7 55. Ne3 Bb6 56. Nc2 Kd5 57. Nb4+ Kc4 58. Nxa6 Kb3 59. Nb4
Kxb2 60. Nd5 Bd8 61. Ke4 Nf6+ 62. Kd4 Nxd5 63. Kxd5 Kxc3 64. Be1+ Kd3 65. Ke6
Ke4 66. Kf7 Kf5 67. Ke8 Bc7 68. Bb4 Bxf4 69. Be7 Be5 70. Kf7 Bb2 71. Ke8 Bf6
72. Bd6 Bxh4 73. Kd7 Bf6 74. Kc6 Ke6 75. Bc5 h4 76. Kxb5 0-1

[Event "SR 3. liga A2 2008/2009"]
[Site "?"]
[Date "2009.03.08"]
[Round "9.7"]
[White "Slaby, Jozef"]
[Black "Hrubos, Milan"]
[Result "1-0"]
[WhiteElo "1930"]
[BlackElo "1713"]
[PlyCount "107"]
[EventDate "2008.??.??"]

1. d4 d5 2. c4 c6 3. e3 Nf6 4. Nf3 e6 5. Bd3 dxc4 6. Bxc4 b5 7. Bd3 a6 8. O-O
Nbd7 9. b3 Be7 10. Bb2 Bb7 11. Qe2 O-O 12. Nc3 c5 13. Rfd1 Rc8 14. Rac1 Qb6 15.
Nb1 cxd4 16. Nxd4 Nd5 17. Nd2 f5 18. N2f3 Bf6 19. h3 Nc5 20. Bb1 g6 21. Ne1 e5
22. Ndf3 e4 23. Nd4 Ne6 24. Nxe6 Qxe6 25. Qd2 Bxb2 26. Qxb2 Rxc1 27. Rxc1 b4
28. Rc4 a5 29. Rc5 Re8 30. a3 Qb6 31. axb4 axb4 32. Qd4 Nc3 33. Qc4+ Kf8 34.
Nc2 Nxb1 35. Rb5 Qc6 36. Qxb4+ Re7 37. Rc5 Qd7 38. Nd4 Kg7 39. Rc1 Ba6 40. Rxb1
Bd3 41. Rc1 Qb7 42. Qc5 Re8 43. Ra1 Kh6 44. Ra7 Qb8 45. Qc7 Qxc7 46. Rxc7 Rb8
47. Rc3 Rb6 48. Kh2 Kg5 49. Kg3 Kf6 50. Rc6+ Rxc6 51. Nxc6 g5 52. Nd4 h5 53. h4
Be2 54. Nxe2 1-0

[Event "SR 3. liga A2 2008/2009"]
[Site "?"]
[Date "2009.03.08"]
[Round "9.8"]
[White "Holly, Milan"]
[Black "Manak, Adrian"]
[Result "0-1"]
[WhiteElo "1799"]
[BlackElo "1637"]
[PlyCount "54"]
[EventDate "2008.??.??"]

1. Nf3 d5 2. b3 Nf6 3. Bb2 Bg4 4. e3 Nbd7 5. Be2 c5 6. d4 e6 7. O-O Bd6 8. g3
h5 9. Ng5 Bxe2 10. Qxe2 Nh7 11. Nxh7 Rxh7 12. Qf3 cxd4 13. Bxd4 Ne5 14. Qg2 Qc7
15. c3 f5 16. Nd2 h4 17. h3 hxg3 18. f4 Nc6 19. Qxg3 O-O-O 20. Nf3 g5 21. Nxg5
Rg8 22. Kf2 e5 23. fxe5 Nxe5 24. Qg2 Rh5 25. h4 Rxh4 26. Bxe5 Bxe5 27. Qxd5
Rh2+ 0-1

[Event "SR 3. liga A2 2008/2009"]
[Site "?"]
[Date "2009.03.08"]
[Round "9.1"]
[White "Janko, Ladislav"]
[Black "Gajarsky, Roman"]
[Result "1-0"]
[WhiteElo "2258"]
[BlackElo "1943"]
[PlyCount "83"]
[EventDate "2008.??.??"]

1. e4 e6 2. d4 f5 3. exf5 exf5 4. Bd3 d5 5. Qf3 g6 6. h4 Bg7 7. Ne2 Nc6 8. c3
Be6 9. Bg5 Bf6 10. Qe3 Qe7 11. Nd2 O-O-O 12. O-O-O Bf7 13. Qg3 Bxg5 14. hxg5
Qd6 15. Qxd6 Rxd6 16. Nf4 h5 17. Rhe1 Nge7 18. b4 a6 19. a4 Kd7 20. Nf3 Nd8 21.
Re3 Re6 22. Nxe6 Bxe6 23. Rde1 Rg8 24. Ne5+ Kd6 25. a5 Rg7 26. Kd2 c6 27. Bf1
Nc8 28. Nd3 Re7 29. Nf4 Bf7 30. Rxe7 Nxe7 31. f3 Kd7 32. Be2 Ne6 33. Nxe6 Bxe6
34. Ke3 Nc8 35. g4 fxg4 36. fxg4 hxg4 37. Kf4 Kd6 38. Bxg4 Bxg4 39. Kxg4 Ne7
40. Kf4 Nf5 41. Re5 Ne7 42. Rxe7 1-0

[Event "SR 3. liga A2 2008/2009"]
[Site "?"]
[Date "2009.03.08"]
[Round "9.2"]
[White "Kollarik, Gorazd"]
[Black "Kantor, Tamas st"]
[Result "0-1"]
[WhiteElo "1941"]
[BlackElo "2028"]
[PlyCount "72"]
[EventDate "2008.??.??"]

1. e4 c5 2. Nf3 Nc6 3. d4 cxd4 4. Nxd4 Nf6 5. Nc3 e5 6. Ndb5 d6 7. Bg5 a6 8.
Bxf6 gxf6 9. Na3 b5 10. Nd5 f5 11. Bd3 Be6 12. Qh5 Bg7 13. c3 O-O 14. Nc2 fxe4
15. Bxe4 f5 16. Bf3 e4 17. Nf4 exf3 18. Qxf3 Ne5 19. Qg3 Bc4 20. Nb4 Ng6 21.
Nbd5 Nxf4 22. Nxf4 b4 23. Kd2 bxc3+ 24. bxc3 Qf6 25. Rhe1 Rac8 26. Re3 Bf7 27.
Rc1 Rfe8 28. Rxe8+ Rxe8 29. Rc2 Qe5 30. Qe3 Bh6 31. g3 Bxf4 32. gxf4 Qd5+ 33.
Qd3 Qxd3+ 34. Kxd3 Re4 35. f3 Bc4+ 36. Kd2 Re2+ 0-1

[Event "SR 3. liga A2 2008/2009"]
[Site "?"]
[Date "2009.03.08"]
[Round "9.3"]
[White "Szekely, Stefan"]
[Black "Slamena, Michal"]
[Result "0-1"]
[WhiteElo "2038"]
[BlackElo "1944"]
[PlyCount "136"]
[EventDate "2008.??.??"]

1. c4 f5 2. Nf3 c5 3. g3 Nc6 4. d4 cxd4 5. Nxd4 Qb6 6. Nxc6 bxc6 7. Nd2 Nf6 8.
Bg2 e5 9. O-O d5 10. cxd5 cxd5 11. Nc4 Qe6 12. Bg5 Ne4 13. Bxe4 fxe4 14. Na3 h6
15. Bd2 Bc5 16. Bb4 Bb6 17. Nb5 Kf7 18. Rc1 $11 Rd8 19. Nc7 Bxc7 20. Rxc7+ Rd7
21. Qc2 Rxc7 22. Qxc7+ Bd7 23. Qb7 Qc6 24. Qxc6 Bxc6 25. Rc1 Bd7 26. Kf1 Rb8
27. Ba3 Ke6 28. h4 d4 29. Ke1 a5 30. Kd2 a4 31. Rc5 Rb7 32. Kc2 Be8 33. Kd2 Rf7
34. Ke1 g5 35. hxg5 hxg5 36. Ra5 Rh7 37. g4 e3 38. fxe3 dxe3 39. Kd1 Bc6 40.
Kc2 Be4+ 41. Kc3 Rc7+ 42. Rc5 Rd7 43. Ra5 Rd2 44. Rxa4 Bg6 45. Ra6+ Kf7 46.
Ra7+ Kg8 47. Be7 Rc2+ 48. Kb3 Rxe2 49. Bxg5 Rd2 50. Re7 e4 51. a4 Rd3+ 52. Kb4
e2 53. Bh4 Rh3 54. Be1 Kf8 55. Re5 Rh1 56. Bc3 e1=Q 57. Bxe1 Rxe1 58. a5 Kf7
59. a6 Ra1 60. Kb5 Kf6 61. Rc5 e3 62. g5+ Kf7 63. Re5 e2 64. b4 e1=Q 65. Rxe1
Rxe1 66. Kb6 Re6+ 67. Ka5 Bd3 68. a7 Ra6# 0-1

[Event "SR 3. liga A2 2008/2009"]
[Site "?"]
[Date "2009.03.08"]
[Round "9.4"]
[White "Barca, Michal"]
[Black "Puobis, Jozef"]
[Result "1/2-1/2"]
[WhiteElo "1783"]
[BlackElo "2015"]
[PlyCount "106"]
[EventDate "2008.??.??"]

1. c4 Nc6 2. Nc3 e5 3. Nf3 Nf6 4. g3 Bc5 5. Bg2 d6 6. O-O Bg4 7. d3 h6 8. Na4
Bb6 9. Nxb6 axb6 10. a3 Qe7 11. Re1 Qe6 12. Nd2 h5 13. Rb1 h4 14. Nf1 hxg3 15.
fxg3 e4 16. Qd2 Ra5 17. b3 Bh3 18. d4 Bxg2 19. Kxg2 Rah5 20. e3 Qh3+ 21. Kg1
Ng4 22. Rb2 Rf5 23. Qg2 Qxg2+ 24. Kxg2 Rfh5 25. Kg1 Rh3 26. Rd2 Na5 27. Rb2 Kd7
28. Rd1 Nc6 29. b4 Ne7 30. c5 Nd5 31. Rc2 b5 32. Re1 b6 33. Ree2 Ne7 34. Ra2
Nd5 35. Bd2 dxc5 36. bxc5 c6 37. a4 bxc5 38. axb5 cxb5 39. Ra7+ Ke6 40. dxc5
Ne5 41. Ra6+ Kf5 42. Ra5 Nf3+ 43. Kh1 Rb8 44. Bc1 Nb4 45. g4+ Ke6 46. Bb2 Rd8
47. Rxb5 Nd3 48. Rb6+ Kd5 49. Rd6+ Rxd6 50. cxd6 Kxd6 51. Bxg7 Rh7 52. Bf8+ Kd5
53. Ra2 f6 1/2-1/2

[Event "SR 3. liga A2 2008/2009"]
[Site "?"]
[Date "2009.03.08"]
[Round "9.5"]
[White "Kubica, Adrian"]
[Black "Skocik, Jozef"]
[Result "1/2-1/2"]
[WhiteElo "1927"]
[BlackElo "1863"]
[PlyCount "56"]
[EventDate "2008.??.??"]

1. e4 c5 2. d4 cxd4 3. Qxd4 Nc6 4. Qd3 Nf6 5. Nc3 g6 6. Nf3 d6 7. Bf4 Bg7 8.
Qd2 O-O 9. Bh6 Qa5 10. Bxg7 Kxg7 11. Bd3 a6 12. O-O Bg4 13. Qf4 $11 Rac8 14.
Rfe1 Bxf3 15. Qxf3 Ne5 16. Qg3 Nh5 17. Qh4 Nxd3 18. cxd3 Qe5 19. Red1 Rc6 20.
d4 Qf6 21. Qxf6+ Nxf6 22. f3 Rfc8 23. Rac1 b5 24. a3 Nd7 25. Kf2 Nb6 26. Rb1
Nc4 27. Nd5 Kf8 28. Ne3 Nxe3 $11 1/2-1/2

[Event "SR 3. liga A2 2008/2009"]
[Site "?"]
[Date "2009.03.08"]
[Round "9.6"]
[White "Majtan, Martin"]
[Black "Kosar, Mikulas ml"]
[Result "1/2-1/2"]
[WhiteElo "1572"]
[BlackElo "1891"]
[PlyCount "75"]
[EventDate "2008.??.??"]

1. e4 d5 2. exd5 Nf6 3. Nc3 Nxd5 4. Nxd5 Qxd5 5. Nf3 Bg4 6. Be2 e5 7. h3 Bf5 8.
O-O Nc6 9. d3 Bc5 10. Nh4 Be6 11. Bg4 O-O-O 12. Bf3 Qd7 13. Bxc6 Qxc6 14. Qe2
f6 15. Be3 Bd6 16. c4 g5 17. c5 gxh4 18. cxd6 Rhg8 19. f3 Rxd6 20. Rac1 Qd7 21.
Kh1 Rxd3 22. Rfd1 Rxd1+ 23. Rxd1 Qg7 24. Rg1 Qd7 25. Rd1 Qf7 26. Bxa7 Rd8 27.
Rxd8+ Kxd8 28. Bf2 Qh5 29. Qd3+ Bd7 30. Qb3 Bc6 31. Qg8+ Qe8 32. Qxh7 e4 33.
Qxh4 Qg6 34. Bd4 exf3 35. Qxf6+ Qxf6 36. Bxf6+ Kd7 37. gxf3 Bxf3+ 38. Kh2
1/2-1/2

[Event "SR 3. liga A2 2008/2009"]
[Site "?"]
[Date "2009.03.08"]
[Round "9.1"]
[White "Csiba, Dominik"]
[Black "Halas, Miroslav"]
[Result "1-0"]
[WhiteElo "2169"]
[BlackElo "1939"]
[PlyCount "95"]
[EventDate "2008.??.??"]

1. e4 c6 2. d4 d5 3. exd5 cxd5 4. c4 Nf6 5. Nc3 Nc6 6. Bg5 e6 7. Nf3 Be7 8. c5
O-O 9. Bb5 Bd7 10. O-O a6 11. Bxc6 Bxc6 12. Ne5 Nd7 13. Bxe7 Qxe7 14. Re1 Rfe8
15. Nxd7 Qxd7 16. Re3 Rad8 17. Qh5 Qe7 18. Rae1 Qf6 19. Qd1 Rd7 20. Rf3 Qd8 21.
Rh3 Qc7 22. Qh5 h6 23. Rg3 Qf4 24. Rg4 Qd2 25. Rd1 Qxb2 26. Qxh6 f5 27. Rg3 Rf7
28. Qh5 f4 29. Rh3 Kf8 30. Qg5 Rf5 31. Qg6 Rf6 32. Rh8+ Ke7 33. Qxg7+ Rf7 34.
Qg5+ Kd7 35. Rh3 f3 36. Qd2 Qxd2 37. Rxd2 fxg2 38. Kxg2 e5 39. Ne2 Ref8 40. Ng3
exd4 41. Rh4 Bb5 42. Rhxd4 Bc4 43. Rxc4 Kc6 44. Rcd4 Kxc5 45. Rxd5+ Kc4 46. Ne4
Rg7+ 47. Kf1 Rfg8 48. R2d4# 1-0

[Event "SR 3. liga A2 2008/2009"]
[Site "?"]
[Date "2009.03.08"]
[Round "9.2"]
[White "Klanica, Anton"]
[Black "Lesny, Stefan"]
[Result "0-1"]
[WhiteElo "1956"]
[BlackElo "2105"]
[PlyCount "54"]
[EventDate "2008.??.??"]

1. e4 e5 2. Nf3 Nc6 3. Bb5 a6 4. Ba4 d6 5. d3 Bd7 6. Be3 Nf6 7. O-O Be7 8. h3
O-O 9. Nbd2 h6 10. Nh2 d5 11. Bxc6 Bxc6 12. f3 Qd7 13. Nb3 b6 14. Qe1 Nh5 15.
g4 Nf4 16. Bxf4 exf4 17. Kg2 Rfe8 18. Rd1 Bf6 19. c3 Rad8 20. Qf2 Ba4 21. Rc1
c5 22. Na1 dxe4 23. dxe4 Qd2 24. Nb3 Bxb3 25. axb3 Bh4 26. Qxd2 Rxd2+ 27. Kg1
Bg3 0-1